000 004400000a22001690004500
003 MACL
005 20150712122914.0
008 150712b xxu||||| |||| 00| 0 eng d
040 _aMACL
_cMACL
041 _aEnglish
082 _a320/TRI
100 _aTripathi, Kamlapati
_91856
245 _aGandhi And Humanity
260 _bAtlantic Publishers & Distributors
_c1993
_aNew Delhi
650 _aPolitical Science
_988
942 _cBK
_k320
_2ddc
999 _c3991
_d3991